000 00596nam a2200193Ia 4500
005 20250423100137.0
008 250422s9999 xx 000 0 und d
020 _a9780323036054 |a 0323036058 |a 9780808923183 |a 0808923188
050 _aQM 25 .M23/
100 _aAbrahams, P. H.; Boon, J.M. and Spratt, J.D. ; photography by Ralph T. Hutchings.
245 0 _aMcMinn's clinical atlas of human anatomy
250 _a6th ed.
260 _aSt. Louis,
260 _bMosby / Elsevier
260 _c2008
300 _a386 p
650 _aHuman anatomy_Atlases.
942 _cBK
999 _c32413
_d32413